02847cam a22003495a 4500001001000000003000300010005001700013008004100030015001900071016001800090020002500108020002200133040004000155042001600195082002400211100003300235245009000268250004300358300009000401490002700491500002400518504004100542505159200583590001102175650003902186651001002225653002302235700003302258942002802291999001702319952016102336016602565Uk20161102152912.0150529s2014 enkab frb 001 0 eng d aGBB5789122bnb7 a0166025652Uk a9781292027845 (pbk.) a1292027843 (pbk.) aStDuBDSbengcStDuBDSdUkdEG-ScBUE aukblcatcopy04222a616.890231bKNE1 aKneisl, Carol Ren‏ 94165010aContemporary psychiatric-mental health nursing /cCarol Ren Kneisl, Eileen Trigoboff. a3rd ed., Pearson new international ed. aiv, 788 pages :billustrations (black and white, and colour), maps (colour) ;c28 cm.0 aPearson custom library aIndex : p. 775-787. aIncludes bibliographical references. a1. Mental Health, Mental Disorder, and Psychiatric-Mental Health Clients: Who Are They? -- 2. Self-Awareness and the Psychiatric-Mental Health Nurse -- 3. The Therapeutic Nurse-Client Relationship Unit II. Theoretical Basis for Psychiatric-Mental Health Nursing Practice -- 4. Theories for Interdisciplinary Care in Psychiatry -- 5. The Biologic Basis of Behavioral and Mental Disorders -- 6. The Science of Psychopharmacology -- 7. Stress, Anxiety, and Coping -- 8. Cultural Competence Unit III. Psychiatric-Mental Health Nursing Processes -- 9. Therapeutic Communication -- 10. Psychiatric-Mental Health Assessment -- 11. Ethics, Clients' Rights, and Legal and Forensic Issues -- 12. Cognitive Disorders -- 13. Substance-Related Disorders -- 14. Schizophrenia -- 15. Mood Disorders -- 16. Anxiety Disorders -- 17. Dissociative, Somatoform, and Factitious Disorders -- 18. Gender Identity and Sexual Disorders -- 19. Eating Disorders -- 20. Personality Disorders Unit V. Vulnerable Populations -- 21. Clients at Risk for Suicide and Self-Destructive Behavior -- 22. Intrafamily Violence: Physical and Sexual Abuse -- 23. Children -- 24. Adolescents -- 25. Elders Unit VI. Intervention Strategies -- 26. Therapeutic Groups -- 27. Family-Focused Interventions -- 28. Cognitive and Behavioral Interventions -- 29. Psychopharmacologic Nursing Interventions -- 30. Recovery and Psychiatric Rehabilitation Strategies -- 31. Complementary, Alternative, and Integrative Healing Practices -- 32. Crisis Intervention -- 33. Anger Management and Intervention in Psychiatric-Mental Health Settings aWessam 7aPsychiatric nursing.2BUEsh936309 2BUEsh bNNURcNovember20161 aTrigoboff, Eileen‏.941649 2ddce22k616.890231 KNE c23012d22984 00102ddc40708BaccahaMAINbMAINc1STd2016-11-02ePurchaseg352.00h3632l9m122o616.890231 KNEp000034498r2025-07-15 00:00:00s2020-11-01v440.00yBB